Applied thermodynamics for engineering technologists / (Record no. 527954)
[ view plain ]
| 000 -LEADER | |
|---|---|
| fixed length control field | 00862pam a2200241 a 4500 |
| 003 - CONTROL NUMBER IDENTIFIER | |
| control field | NUST |
| 008 - FIXED-LENGTH DATA ELEMENTS--GENERAL INFORMATION | |
| fixed length control field | 921020s1993 enka b 001 0 eng |
| 038 ## - RECORD CONTENT LICENSOR | |
| Staff Name | M.Ramzan |
| 040 ## - CATALOGING SOURCE | |
| Original cataloging agency | DLC |
| Transcribing agency | DLC |
| Modifying agency | DLC |
| 050 00 - LIBRARY OF CONGRESS CALL NUMBER | |
| Classification number | TJ265 |
| Item number | .E23 1993 |
| 082 00 - DEWEY DECIMAL CLASSIFICATION NUMBER | |
| Classification number | 621.4021 |
| Author Mark | EAS |
| 100 1# - MAIN ENTRY--PERSONAL NAME | |
| Personal name | Eastop, T. D. |
| 9 (RLIN) | 1486 |
| 245 10 - TITLE STATEMENT | |
| Title | Applied thermodynamics for engineering technologists / |
| Statement of responsibility, etc. | T.D. Eastop, A. McConkey. |
| 250 ## - EDITION STATEMENT | |
| Edition statement | 5th ed. |
| 260 ## - PUBLICATION, DISTRIBUTION, ETC. | |
| Name of publisher, distributor, etc. | N.B.F |
| Place of publication, distribution, etc. | rawalpindi |
| Name of publisher, distributor, etc. | Ramzan printing press |
| 300 ## - PHYSICAL DESCRIPTION | |
| Extent | xix, 735 p. : |
| Other physical details | ill. ; |
| Dimensions | 25 cm. |
| 504 ## - BIBLIOGRAPHY, ETC. NOTE | |
| Bibliography, etc. note | Includes bibliographical references and index. |
| 650 #0 - SUBJECT ADDED ENTRY--TOPICAL TERM | |
| Topical term or geographic name entry element | Thermodynamics. |
| 9 (RLIN) | 7134 |
| 700 1# - ADDED ENTRY--PERSONAL NAME | |
| Personal name | McConkey, A. |
| Fuller form of name | (Allan), |
| Dates associated with a name | 1927- |
| 9 (RLIN) | 7494 |
| 906 ## - LOCAL DATA ELEMENT F, LDF (RLIN) | |
| a | 7 |
| b | cbc |
| c | orignew |
| d | 1 |
| e | ocip |
| f | 19 |
| g | y-gencatlg |
| 942 ## - ADDED ENTRY ELEMENTS (KOHA) | |
| Source of classification or shelving scheme | |
| Koha item type | Book |
| Withdrawn status | Lost status | Source of classification or shelving scheme | Damaged status | Not for loan | Permanent Location | Current Location | Date acquired | Total Checkouts | Full call number | Barcode | Date last seen | Price effective from | Koha item type |
|---|---|---|---|---|---|---|---|---|---|---|---|---|---|
| School of Civil and Environmental Engineering (SCEE) | School of Civil and Environmental Engineering (SCEE) | 08/23/2019 | 621.4021 EAS | NIT-10138 | 08/23/2019 | 08/23/2019 | Book |
